000 01551pam a2200385 a 4500
001 4818665
003 Ost
005 20140408085957.0
008 890420s1990 njua j 000 1 eng
010 _a 89033882
020 _a0439703204
_c$9.49
020 _c$2.95
040 _aDLC
_cDLC
_dDLC
042 _alcac
050 0 0 _aPZ 7
_b.D754 1990
100 1 _aDoyle, Debra,
_d1952-
_923462
245 1 0 _aSecret of the Tower
_cby Debra Doyle and James D. Macdonald ; illustrated by Judith Mitchell.
260 _aMahwah, N.J. :
_bTroll Associates,
_c1990.
300 _a139 p. :
_bill. ;
_c19 cm.
490 1 _aCircle of magic ;
_v1
520 _aDetermined to become a wizard, twelve-year-old Randal is delighted to be accepted into the famed School of Wizardry, but his apprenticeship is marred when he realizes that one of the master wizards is using evil spells to destroy the school and gain supreme power.
521 _aG6
526 _c800
650 1 _aWizards
_xFiction.
_923463
650 1 _aKnights and knighthood
_xFiction.
_923464
650 1 _aAdventure and adventurers
_xFiction.
_923465
700 1 _aMacdonald, James,
_d1954-
_923466
700 1 _aMitchell, Judith,
_d1951-
_eill.
_923467
800 1 _aDoyle, Debra,
_d1952-
_tCircle of magic ;
_v1
_923468
906 _a7
_bcbc
_corignew
_d1
_eocip
_f19
_gy-gencatlg
942 _2lcc
_cBK
999 _c33566
_d33566